|
|
|
|
| LEADER |
01738nam a2200421 i 4500 |
| 001 |
EBC4717150 |
| 003 |
MiAaPQ |
| 005 |
20200520144314.0 |
| 006 |
m o d | |
| 007 |
cr cnu|||||||| |
| 008 |
180501s2018 enka o 001 0 eng|d |
| 020 |
|
|
|z 9781786352248
|
| 020 |
|
|
|a 9781786352231 (e-book)
|
| 035 |
|
|
|a (MiAaPQ)EBC4717150
|
| 035 |
|
|
|a (Au-PeEL)EBL4717150
|
| 035 |
|
|
|a (CaPaEBR)ebr11542792
|
| 035 |
|
|
|a (OCoLC)1030941253
|
| 040 |
|
|
|a MiAaPQ
|b eng
|e rda
|e pn
|c MiAaPQ
|d MiAaPQ
|
| 050 |
|
4 |
|a HE194
|b .S24 2018
|
| 082 |
0 |
|
|a 363.12
|2 23
|
| 245 |
0 |
0 |
|a Safe mobility :
|b challenges, methodology and solutions /
|c edited by Dominique Lord, Texas A&M University, College Station, TX, USA, Simon Washington, The University of Queensland, Brisbane, Australia.
|
| 250 |
|
|
|a First edition.
|
| 264 |
|
1 |
|a Bingley :
|b Emerald Publishing,
|c 2018.
|
| 300 |
|
|
|a 1 online resource (511 pages) :
|b illustrations.
|
| 336 |
|
|
|a text
|2 rdacontent
|
| 337 |
|
|
|a computer
|2 rdamedia
|
| 338 |
|
|
|a online resource
|2 rdacarrier
|
| 490 |
1 |
|
|a Transport and sustainability ;
|v volume 11
|
| 500 |
|
|
|a Includes index.
|
| 588 |
|
|
|a Description based on online resource; title from PDF title page (ebrary, viewed May 1, 2018).
|
| 590 |
|
|
|a Electronic reproduction. Ann Arbor, MI : ProQuest, 2018. Available via World Wide Web. Access may be limited to ProQuest affiliated libraries.
|
| 650 |
|
0 |
|a Transportation
|x Safety measures.
|
| 655 |
|
4 |
|a Electronic books.
|
| 700 |
1 |
|
|a Lord, Dominique, Lord,
|e editor.
|
| 700 |
1 |
|
|a Washington, Simon,
|e editor.
|
| 797 |
2 |
|
|a ProQuest (Firm)
|
| 830 |
|
0 |
|a Transport and sustainability ;
|v v. 11.
|
| 856 |
4 |
0 |
|u https://ebookcentral.proquest.com/lib/matrademy/detail.action?docID=4717150
|z Click to View
|